000 00605nam a2200253Ia 4500
005 20250425162639.0
008 250425s9999 xx 000 0 und d
020 _a9789588675435
041 _aspa
043 _ack
082 _a658.5
100 _aROJAS LOPEZ, MIGUEL DAVID
245 0 _aLOGÍSTICA INTEGRAL
250 _a1 ED.
260 _aBOGOTA
260 _aColombia
_bEDICIONES DE LA U
_c2011
300 _a227
650 _aANALISIS INTEGRAL
650 _aANALISIS INTEGRAL
650 _aLOGISTICA DE NEGOCIOS
650 _aLOGISTICA INTEGRAL
942 _c01
010 _a93359
999 _c233531
_d233531